000 00244nam a2200121Ia 4500
100 _aRolfe John
490 _vII
942 _cBK
654 _aDesign Drawing
245 _aDesign Drawing
260 _bHodder
_aLondon
_c1984
546 _aENGLISH
999 _c20170
_d20170